000 00242nam a2200097Ia 4500
001 948656
005 20250826215523.0
008 250824s9999 xx 000 0 und d
245 0 _aVEE KAPI AÇILIYOR
_cYÜCEL ÖZTÜRK
260 _bCEZVE YAYINLARI
999 _c948656
_d948656